000 00541nam a2200217Ia 4500
003 OSt
005 20220924133830.0
006 a|||||r|||| 00| 0
007 ta
008 220923b |||||||| |||| 00| 0 snd d
024 _a269279
037 _cTextual
040 _aARTS
_cARTS
_bsnd
041 _2snd
_asnd
082 _aO142,3M28:g, 1593K0
100 _aLal Pushp
_9207501
245 0 _aPyaar ji zindagi
260 _c1960
942 _hO142,3M28:g, 1593K0
_cTEXL
_2CC
999 _c435458
_d435458